U.S. Presidents with the Most Executive Orders - Statistics

General Stats
  • This quiz has been taken 498 times
  • The average score is 14 of 18
Answer Stats
# President % Correct
3,728 Franklin D. Roosevelt
97%
276 Barack Obama
94%
220 Donald Trump
94%
291 George W. Bush
90%
381 Ronald Reagan
85%
364 Bill Clinton
84%
1,081 Theodore Roosevelt
84%
346 Richard Nixon
83%
325 Lyndon B. Johnson
82%
484 Dwight D. Eisenhower
79%
907 Harry S. Truman
79%
320 Jimmy Carter
77%
1,803 Woodrow Wilson
72%
968 Herbert Hoover
70%
724 William Howard Taft
64%
1,203 Calvin Coolidge
62%
217 Ulysses S. Grant
55%
522 Warren G. Harding
49%
No matching quizzes found
Score Distribution
Percent of People with Each Score
Percentile by Number Answered
Your Score History
You have not taken this quiz